<?xml version="1.0" encoding="UTF-8"?>
<collection xmlns="http://www.loc.gov/MARC21/slim">
 <record>
  <leader>02484nam a2200229Ia 4500</leader>
  <controlfield tag="001">CTU_213497</controlfield>
  <controlfield tag="008">210402s9999    xx            000 0 und d</controlfield>
  <datafield tag="082" ind1=" " ind2=" ">
   <subfield code="a">620.1</subfield>
  </datafield>
  <datafield tag="082" ind1=" " ind2=" ">
   <subfield code="b">D249</subfield>
  </datafield>
  <datafield tag="100" ind1=" " ind2=" ">
   <subfield code="a">David, D. J.</subfield>
  </datafield>
  <datafield tag="245" ind1=" " ind2="0">
   <subfield code="a">Relating materials properties to structure :</subfield>
  </datafield>
  <datafield tag="245" ind1=" " ind2="0">
   <subfield code="b">Handbook and software for polymer calculations and materials properties</subfield>
  </datafield>
  <datafield tag="245" ind1=" " ind2="0">
   <subfield code="c">D. J. David, Ashok Misra</subfield>
  </datafield>
  <datafield tag="260" ind1=" " ind2=" ">
   <subfield code="a">New York</subfield>
  </datafield>
  <datafield tag="260" ind1=" " ind2=" ">
   <subfield code="b">Technomic Publishing Co, Inc.</subfield>
  </datafield>
  <datafield tag="260" ind1=" " ind2=" ">
   <subfield code="c">1999</subfield>
  </datafield>
  <datafield tag="520" ind1=" " ind2=" ">
   <subfield code="a">Relating Materials Properties to Structure: Handbook and Software for Polymer Calculations and Materials Properties lays the foundation for an understanding of the basic structure of materials and the significant distinguishing features between major classes. It provides a method of comparison between the structure of different classes of materials and their attendant properties. The structural differences between individual polymers and the resultant properties are a primary focus, since this is the only class of materials where data and techniques allow properties to be estimated.This book and CD-ROM software package provides an easy, straightforward technique for estimating polymer properties via simple software. The software permits the user to see the effects of changing a structure, and to estimate the properties of a polymer that might be unavailable or very time-consuming to find. The ability of the software to estimate the miscibility of various polymer blends is one of its most valuable aspects. While most methods that are extremely easy make simplifying assumptions that adversely affect accuracy, in this case, the inaccuracies introduced do not obviate the usefulness of the software or techniques.Relating Materials Properties to Structure: Handbook and Software for Polymer Calculations and Materials Properties Software offers the most comprehensive system presently available. Invaluable to all involved in fundamental polymer research, new product polymer alloy development, investigating polymer/plasticizer miscibility, and those involved in designing and specifying polymeric materials required to meet mechanical, physical, thermal, electrical and blending properties</subfield>
  </datafield>
  <datafield tag="650" ind1=" " ind2=" ">
   <subfield code="a">Polymers,Chemical structure,Metals,Ceramics</subfield>
  </datafield>
  <datafield tag="650" ind1=" " ind2=" ">
   <subfield code="x">Mechanical properties,Mechanical properties,Mechanical properties</subfield>
  </datafield>
  <datafield tag="904" ind1=" " ind2=" ">
   <subfield code="i">M.Loan</subfield>
  </datafield>
  <datafield tag="910" ind1=" " ind2=" ">
   <subfield code="a">Sách kèm đĩa có số AV.001966</subfield>
  </datafield>
  <datafield tag="980" ind1=" " ind2=" ">
   <subfield code="a">Trung tâm Học liệu Trường Đại học Cần Thơ</subfield>
  </datafield>
 </record>
</collection>
